000
00290nam a2200109Ia 4500
008
220216s9999 xx 000 0 und d
100
_a
Chronos Richardson
245
0
_a
Innovative small chamicals weighing systems
260
_b
Indian Rubber Journal
_c
2002
300
_a
112-115
942
_c
JS
999
_c
61429
_d
61429